|
|
|
|
| LEADER |
01343nam a22003497a 4500 |
| 001 |
mzk03000904208 |
| 003 |
CZ BrMZK |
| 005 |
20130307153008.0 |
| 007 |
ta |
| 008 |
050116s1598 fr fr|||||00| ||gerod |
| 040 |
|
|
|a BOA001
|b cze
|c BOA001
|
| 072 |
|
7 |
|a 094
|x Staré tisky
|2 Konspekt
|9 12
|
| 080 |
|
|
|a (0.068)094
|2 MRF
|
| 100 |
0 |
|
|a Euripidés,
|d asi 480 př. Kr.-406 př. Kr.
|7 jn19981001000
|4 aut
|
| 245 |
1 |
0 |
|a Teutsche Argumenta sammt der Vorrede, vnd Beschluss, in die Grischische Tragoedi Euripidis, Medea, genannt, vnd in die zugegebne Choros, auss dem Pindaro: ...
|
| 260 |
|
|
|a Strassburg :
|b Josia Rihels sel. Truckerey durch Andream Rietsch,
|c 1598
|
| 300 |
|
|
|a AB8 [=16] listů ;
|c 8°
|
| 500 |
|
|
|a Výzdoba: Titulní list v rámečku z typografických ozdůbek, vinětka
|
| 501 |
|
|
|a Přívazek k, Medea ... / Euripides
|
| 653 |
|
|
|a divadlo
|
| 655 |
|
7 |
|a staré tisky
|7 fd422076
|2 czenas
|
| 700 |
0 |
|
|a Pindaros,
|d ca 522-ca 446 př. Kr.
|7 jn19990210493
|4 oth
|
| 903 |
|
|
|a RP
|
| 910 |
|
|
|a BOA001
|b ST1-0707.331,přív.1
|
| 978 |
|
|
|b Rietsch, Andreas
|a Strasbourg
|c 1598
|
| 978 |
|
|
|b Rihel, Josias
|a Strasbourg
|c 1598
|
| 984 |
|
|
|a Štrasburk
|b Francie
|
| 985 |
|
|
|a 1551-1600
|
| 990 |
|
|
|a BK
|
| 993 |
|
|
|a Y
|
| 991 |
|
|
|k mzk
|
| 994 |
|
|
|a UP
|l MZK03
|b 000904206
|m přívazek 1
|n záznam 1. díla (pro objednání pokračujte kliknutím)
|